| 000 -LEADER |
| fixed length control field |
00430pab a2200157 454500 |
| 008 - FIXED-LENGTH DATA ELEMENTS--GENERAL INFORMATION |
| fixed length control field |
180718b2002-2003 xxu||||| |||| 00| 0 eng d |
| 100 ## - MAIN ENTRY--PERSONAL NAME |
| Personal name |
Pathak, Pratap Kumar |
| 245 ## - TITLE STATEMENT |
| Title |
Effective public service delivery: challenges and opportunities |
| 260 ## - PUBLICATION, DISTRIBUTION, ETC. |
| Date of publication, distribution, etc. |
2002-2003 |
| 300 ## - PHYSICAL DESCRIPTION |
| Extent |
p.565-84. |
| 650 ## - SUBJECT ADDED ENTRY--TOPICAL TERM |
| Topical term or geographic name entry element |
Good governance |
| 650 ## - SUBJECT ADDED ENTRY--TOPICAL TERM |
| Topical term or geographic name entry element |
Public utilities |
| 700 ## - ADDED ENTRY--PERSONAL NAME |
| Personal name |
Gyawali, Krishna |
| 773 ## - HOST ITEM ENTRY |
| Main entry heading |
PAAN Journal |
| 909 ## - |
| -- |
63809 |